Giovanni Paolo secondo Forattini, 1978-1995 /

Gespeichert in:
Bibliographische Detailangaben
1. Verfasser: Forattini, Giorgio (Verfasst von)
Format: Buch
Sprache:Kein sprachlicher Inhalt
Veröffentlicht: Milano : A. Mondadori, 1998
Schriftenreihe:Bestsellers ; 843
Tags: Tag hinzufügen
Keine Tags, Fügen Sie das erste Tag hinzu!

MARC

LEADER 00000nam a2200000 i 4500
001 IT\ICCU\CFI\0389979
003 ItRI
005 20260115231849.0
008 980825s1998 it |||||| ||||| |||||c
015 |2 IT  |a 98-10538 
020 |a 8804448636 
040 |b ita  |c importazione bologna sebina 
041 7 |a zxx  |2 ISO-639-2 
082 |a 741.5945  |9 RACCOLTE DI VIGNETTE, CARICATURE, FUMETTI. Italia  |2 20 
100 1 |a Forattini, Giorgio  |0 IT\ICCU\CFIV\012459  |4 aut 
245 1 0 |a Giovanni Paolo secondo Forattini, 1978-1995 /  |c Forattini. 
246 1 3 |a Giovanni Paolo secondo Forattini.  |9 IT\ICCU\CFI\0304850 
260 |a Milano :  |b A. Mondadori,  |c 1998 
300 |a 193 p. :  |b in gran parte ill. ;  |c 20 cm. 
500 |a Tit. in cop.  |0 IT\ICCU\CFI\0304850 
830 0 |a Bestsellers ;  |v 843  |0 IT\ICCU\CFI\0012751 
942 |2 ddc  |c BK  |n 0 
952 |0 0  |1 0  |4 0  |6 DOC_741_590000000000000_FOR  |7 0  |9 14557  |a BO  |b BO  |d 2026-01-15  |i 4322  |l 0  |o DOC 741.59 FOR  |p BO4322  |r 2026-01-15 23:18:49  |w 2026-01-15  |x [Sebina 5] [1 v.]  |y BK  |z 1 v. 
999 |c 12555  |d 12555